| 000 | 00428nam a22001577a 4500 | ||
|---|---|---|---|
| 999 |
_c17674 _d17674 |
||
| 003 | OSt | ||
| 005 | 20221129141238.0 | ||
| 008 | 221129b ||||| |||| 00| 0 eng d | ||
| 040 | _c0 | ||
| 100 |
_aRonda, Rainier Allan. _946924 |
||
| 245 | _aDepEd taps DOST for Sulong EduKalidad / | ||
| 260 |
_aPhilippines; _bThe Philippine Star, _cDecember 19, 2019. |
||
| 300 | _apage 10. | ||
| 650 |
_aEducation. _946925 |
||
| 942 |
_2ddc _cPER |
||